书目信息 |
| 题名: |
世界史的理念
|
|
| 作者: | 兰克 著 ;约尔丹 , 吕森 , 王韶阳 , 燕宏远 , 齐树仁 编 | |
| 分册: | ||
| 出版信息: | 北京 北京大学出版社 2025.03 |
|
| 页数: | 28,194页 | |
| 开本: | 23cm | |
| 丛书名: | 历史的观念译丛 | |
| 单 册: | ||
| 中图分类: | K107-53 | |
| 科图分类: | ||
| 主题词: | 世界史--文集 | |
| 电子资源: | ||
| ISBN: | 978-7-301-35731-6 | |
| 000 | 01345oam2 2200337 450 | |
| 001 | 013164233 | |
| 005 | 20251022201059.43 | |
| 010 | @a978-7-301-35731-6@dCNY55.00 | |
| 100 | @a20250417d2025 em y0chiy0120 ea | |
| 101 | 1 | @achi@cger |
| 102 | @aCN@b110000 | |
| 105 | @aa z 000yy | |
| 106 | @ar | |
| 200 | 1 | @a世界史的理念@9shi jie shi de li nian@dIdee der universalhistorie@e兰克史学文选之二@f(德)利奥波德·冯·兰克(Leopold von Ranke)著@g(德)斯特凡·约尔丹(Stefan Jordan) ,(德)约恩·吕森(J?rn Rüsen) 编@g王韶阳,燕宏远,齐树仁译@zger |
| 210 | @a北京@c北京大学出版社@d2025.03 | |
| 215 | @a28,194页@c图@d23cm | |
| 225 | 2 | @a历史的观念译丛@v25 |
| 300 | @a博雅 | |
| 330 | @a本书介绍了兰克的生平,并评述兰克的重要著作和史学思想。书中收录了《未完成的作品》《致弟弟海因里希的一封信》《理论的影响》《论精神活动》等文章。 | |
| 461 | 0 | @12001 @a历史的观念译丛 |
| 510 | 1 | @aIdee der universalhistorie@zger |
| 606 | 0 | @a世界史@j文集 |
| 690 | @aK107-53@v5 | |
| 701 | 0 | @c(德)@a兰克@9lan ke@c(Ranke, Leopold von)@4著 |
| 702 | 0 | @c(德)@a约尔丹@9yue er dan@c(Jordan, Stefan)@4编 |
| 702 | 0 | @c(德)@a吕森@9lü sen@c(Rüsen, J?rn)@4编 |
| 702 | 0 | @a王韶阳@9wang shao yang@4译 |
| 702 | 0 | @a燕宏远@9yan hong yuan@4译 |
| 702 | 0 | @a齐树仁@9qi shu ren@4译 |
| 801 | 0 | @aCN@c20250910 |
| 905 | @a河南城建学院图书馆@dK107@eL036@ZL036@f1 | |
| 世界史的理念=Idee der universalhistorie:兰克史学文选之二/(德)利奥波德·冯·兰克(Leopold von Ranke)著/(德)斯特凡·约尔丹(Stefan Jordan) ,(德)约恩·吕森(J?rn Rüsen) 编/王韶阳,燕宏远,齐树仁译.-北京:北京大学出版社,2025.03 |
| 28,194页:图;23cm.-(历史的观念译丛;25) |
| 博雅 |
| ISBN 978-7-301-35731-6:CNY55.00 |
| 本书介绍了兰克的生平,并评述兰克的重要著作和史学思想。书中收录了《未完成的作品》《致弟弟海因里希的一封信》《理论的影响》《论精神活动》等文章。 |
| ● |
| 相关链接 |
|
|
|
正题名:世界史的理念
索取号:K107/L036
 
预约/预借
| 序号 | 登录号 | 条形码 | 馆藏地/架位号 | 状态 | 备注 |
| 1 | 1633636 | 216336365 | 社科库309/309社科库 104排1列3层/ [索取号:K107/L036] | 在馆 |